Aventure des langues en occident (L') (Record n. 87888)
[ formato base ]
| 000 -LEADER | |
|---|---|
| fixed length control field | 01745nam a2200289Ia 4500 |
| 001 - CONTROL NUMBER | |
| control field | G9278 |
| 003 - CONTROL NUMBER IDENTIFIER | |
| control field | IT-RoPAU |
| 008 - FIXED-LENGTH DATA ELEMENTS--GENERAL INFORMATION | |
| fixed length control field | 130308s9999 xx 000 0 und d |
| 040 ## - CATALOGING SOURCE | |
| Original cataloging agency | IT-RoPAU |
| 040 ## - CATALOGING SOURCE | |
| Transcribing agency | IT-RoPAU |
| 041 ## - LANGUAGE CODE | |
| Language code of text/sound track or separate title | FRANCESE |
| 100 ## - MAIN ENTRY--PERSONAL NAME | |
| Personal name | Walter Henriette |
| 100 ## - MAIN ENTRY--PERSONAL NAME | |
| Miscellaneous information | Codice Aut. SPICS: 546 |
| 245 ## - TITLE STATEMENT | |
| Title | Aventure des langues en occident (L') |
| 245 ## - TITLE STATEMENT | |
| Remainder of title | Aventure des Langues En Occident (L') |
| 250 ## - EDITION STATEMENT | |
| Edition statement | 2a ed. |
| 260 ## - PUBLICATION, DISTRIBUTION, ETC. (IMPRINT) | |
| Place of publication, distribution, etc. | PARIS |
| 260 ## - PUBLICATION, DISTRIBUTION, ETC. (IMPRINT) | |
| Name of publisher, distributor, etc. | Laffont Robert |
| 260 ## - PUBLICATION, DISTRIBUTION, ETC. (IMPRINT) | |
| Date of publication, distribution, etc. | 2001 [1° Ed.:1994 - Ed.Ling.Originale:1994] |
| 300 ## - PHYSICAL DESCRIPTION | |
| Extent | "596 p. (prefazione: no ; testo: 596 [pagine: 0-0])" |
| 500 ## - GENERAL NOTE | |
| General note | "Avventura delle Lingue in Occidente: Loro Origine, Storia e Geografia. Prefazione di Andre' Martinet. paesaggio Linguistico; Grandi linee di Divisione e Filo Conduttore. Origini Lontane: Il Ceppo Comune Indoeuropeo, Dai Segni Sulle Pietre, Megaliti, scoperte Archeologiche, ripartizione delle Lingueattuali, Lingue senza Territorio: Tzigane. Lingua Greca: Dall'Alfabeto Greco al Latino, Attualità della Lingua Greca, Dialetti della Grecia Arcaica,Lingua Greca nel Mondo. Lingue Celtiche: Irlandese, Gaelico di Scozia, Cornico della Cornovaglia, dell'Isola di Man, Gallese e Bretone. Lingue Nate dal Latino: Italiano, Spagnolo, portoghese e Francese. Lingue Germaniche: Lingue Germaniche del Nord: Scandinave, Danese, Germaniche Occidentali, Tedesco, Lussemburghese, Olandese. Lingua inglese in gran Bretagna e nelle Varieparti del Mondo, nelle Sue Varianti. Note Bibliografiche. Cronologia Deglieventi storici in Rapporto con la Storia delle Lingue Europee. Lingue e Loro Dialetti." |
| 650 ## - SUBJECT ADDED ENTRY--TOPICAL TERM | |
| Topical term or geographic name as entry element | SAGGI DI LINGUISTICA |
| 650 ## - SUBJECT ADDED ENTRY--TOPICAL TERM | |
| Relator term | Codice materia Spics: 3207 |
| 942 ## - ADDED ENTRY ELEMENTS (KOHA) | |
| Koha item type | LIBRO |
| 957 ## - | |
| -- | 1 |
| 999 ## - SYSTEM CONTROL NUMBERS (KOHA) | |
| -- | 1 |
| Withdrawn status | Lost status | Damaged status | Not for loan | Home library | Current library | Date acquired | Total Checkouts | Full call number | Date last seen | Price effective from | Koha item type | Public note |
|---|---|---|---|---|---|---|---|---|---|---|---|---|
| Buone Condizioni | Not For Loan | SPICS-MEDIATECA | SPICS-MEDIATECA | 08/03/2013 | G9278 | 08/03/2013 | 08/03/2013 | LIBRO | Progressivo inserimento: 3261 / N. Volumi: 1 Copie: 1 / data import: 1 marzo 2013 - By Epidotti, Trombetti, Vaglietti. |